Score 0/12 Timer 01:30
0 Plays Today
Clue 4-Letter Word % Correct
'When you ______ upon a Star'WISH
99%
A storyTALE
95%
Opposite of shortTALL
95%
A catcher's gloveMITT
93.3%
SpeakTALK
91.5%
Material for roofing or flooringTILE
91.1%
The English equivalent of 'con' in SpanishWITH
89.2%
Olympic figure skater Katarina WITT
88.4%
Foul in pinballTILT
81.2%
Fluid that comes from a tetra or bettaMILT
77.3%
Tetra or Betta, e.g.FISH
71.1%
Home for a tetra or bettaTANK
63.6%

Today's Daily Dose

You're not logged in!

Compare scores with friends on all Sporcle quizzes.
OR
Log In

Sporcle TV

Today on Sporcle TV


Watch our educational content, quiz creation guides, and fun videos on Sporcle TV.

Show Comments

Extras

Top Quizzes Today


Score Distribution

Paid Content

Your Account Isn't Verified!

In order to create a playlist on Sporcle, you need to verify the email address you used during registration. Go to your Sporcle Settings to finish the process.

Report this User

Report this user for behavior that violates our Community Guidelines.

Details: